| 000 | 00558nam a2200205 a 4500 | ||
|---|---|---|---|
| 005 | 20210223121520.0 | ||
| 008 | 991125s1980 bue 000 0 spa u | ||
| 035 | _aUPN01000019151 | ||
| 049 | _aI | ||
| 050 | 4 | _aGB451.2 O4.48 | |
| 100 | 1 | _aOlney, Peter | |
| 245 | 1 | 0 |
_aEn la costa del mar / _cDavid Baxter ; tr. Verena Kull |
| 260 |
_aBuenos Aires : _bKapelusz, _c1980 |
||
| 300 |
_a32 p. : _bil. col |
||
| 440 | 0 | _aMi pequeña enciclopedia | |
| 650 | 4 |
_aCOSTAS _911418 |
|
| 700 | 2 |
_aBaxter, David, _ecoaut. |
|
| 904 |
_aAC _b019152 |
||
| 905 | _aInfantil | ||
| 999 |
_c19151 _d19151 |
||